<?xml version="1.0" encoding="UTF-8"?>
<record
    xmlns:xsi="http://www.w3.org/2001/XMLSchema-instance"
    xsi:schemaLocation="http://www.loc.gov/MARC21/slim http://www.loc.gov/standards/marcxml/schema/MARC21slim.xsd"
    xmlns="http://www.loc.gov/MARC21/slim">

  <leader>00808nam a22002297a 4500</leader>
  <controlfield tag="005">20141021130531.0</controlfield>
  <controlfield tag="006">m||||f ||z  00| 0 </controlfield>
  <controlfield tag="008">141021t2011    xxua   fr    f000 0 eng d</controlfield>
  <datafield tag="020" ind1=" " ind2=" ">
    <subfield code="a">9780879123055</subfield>
  </datafield>
  <datafield tag="040" ind1=" " ind2=" ">
    <subfield code="a">EG-ScBUE</subfield>
  </datafield>
  <datafield tag="082" ind1="0" ind2="0">
    <subfield code="2">22</subfield>
    <subfield code="a">616.0252</subfield>
    <subfield code="b">NSC</subfield>
  </datafield>
  <datafield tag="130" ind1="0" ind2=" ">
    <subfield code="a">First aid (National Safety Council)</subfield>
    <subfield code="9">36282</subfield>
  </datafield>
  <datafield tag="245" ind1="1" ind2="0">
    <subfield code="a">NSC first aid :</subfield>
    <subfield code="b">workbook /</subfield>
    <subfield code="c">National Safety Council.</subfield>
  </datafield>
  <datafield tag="260" ind1=" " ind2=" ">
    <subfield code="a">Itasca, United States :</subfield>
    <subfield code="b">National Safety Council,</subfield>
    <subfield code="c">c.2011.</subfield>
    <subfield code="e">([Washington])</subfield>
  </datafield>
  <datafield tag="300" ind1=" " ind2=" ">
    <subfield code="a">vi, 58 p. :</subfield>
    <subfield code="b">ill. (col.) ;</subfield>
    <subfield code="c">26 cm. +</subfield>
    <subfield code="e">CD-ROM (4 3/4 in.)</subfield>
  </datafield>
  <datafield tag="500" ind1=" " ind2=" ">
    <subfield code="a">Includes NSC first aid quick guide.</subfield>
  </datafield>
  <datafield tag="650" ind1=" " ind2="0">
    <subfield code="a">First aid in illness and injury</subfield>
    <subfield code="9">20460</subfield>
  </datafield>
  <datafield tag="653" ind1=" " ind2=" ">
    <subfield code="b">NNUR</subfield>
    <subfield code="c">October2014</subfield>
  </datafield>
  <datafield tag="655" ind1=" " ind2=" ">
    <subfield code="v">reading book</subfield>
    <subfield code="9">34232</subfield>
  </datafield>
  <datafield tag="710" ind1="2" ind2=" ">
    <subfield code="9">36281</subfield>
    <subfield code="a">National Safety Council</subfield>
  </datafield>
  <datafield tag="942" ind1=" " ind2=" ">
    <subfield code="2">ddc</subfield>
    <subfield code="k">616.0252 NSC</subfield>
  </datafield>
  <datafield tag="999" ind1=" " ind2=" ">
    <subfield code="c">18479</subfield>
    <subfield code="d">18451</subfield>
  </datafield>
  <datafield tag="952" ind1=" " ind2=" ">
    <subfield code="0">0</subfield>
    <subfield code="1">0</subfield>
    <subfield code="2">ddc</subfield>
    <subfield code="4">0</subfield>
    <subfield code="7">0</subfield>
    <subfield code="8">Baccah</subfield>
    <subfield code="a">MAIN</subfield>
    <subfield code="b">MAIN</subfield>
    <subfield code="c">1ST</subfield>
    <subfield code="d">2014-10-21</subfield>
    <subfield code="e">purchase</subfield>
    <subfield code="g">90.00</subfield>
    <subfield code="h">20526</subfield>
    <subfield code="l">1</subfield>
    <subfield code="m">1</subfield>
    <subfield code="o">616.0252 NSC</subfield>
    <subfield code="p">000036743</subfield>
    <subfield code="r">2025-07-15 00:00:00</subfield>
    <subfield code="s">2018-09-18</subfield>
    <subfield code="v">112.50</subfield>
    <subfield code="y">BB</subfield>
  </datafield>
  <datafield tag="952" ind1=" " ind2=" ">
    <subfield code="0">0</subfield>
    <subfield code="1">0</subfield>
    <subfield code="2">ddc</subfield>
    <subfield code="4">0</subfield>
    <subfield code="7">0</subfield>
    <subfield code="8">Baccah</subfield>
    <subfield code="a">MAIN</subfield>
    <subfield code="b">MAIN</subfield>
    <subfield code="c">1ST</subfield>
    <subfield code="d">2014-10-21</subfield>
    <subfield code="e">purchase</subfield>
    <subfield code="g">90.00</subfield>
    <subfield code="h">20526</subfield>
    <subfield code="l">4</subfield>
    <subfield code="m">43</subfield>
    <subfield code="o">616.0252 NSC</subfield>
    <subfield code="p">000036745</subfield>
    <subfield code="r">2025-07-15 00:00:00</subfield>
    <subfield code="s">2019-12-02</subfield>
    <subfield code="v">112.50</subfield>
    <subfield code="y">BB</subfield>
  </datafield>
  <datafield tag="952" ind1=" " ind2=" ">
    <subfield code="0">0</subfield>
    <subfield code="1">0</subfield>
    <subfield code="2">ddc</subfield>
    <subfield code="3">Lost In Inventory_2015-8-23</subfield>
    <subfield code="4">0</subfield>
    <subfield code="7">0</subfield>
    <subfield code="8">Baccah</subfield>
    <subfield code="a">MAIN</subfield>
    <subfield code="b">MAIN</subfield>
    <subfield code="c">1ST</subfield>
    <subfield code="d">2014-10-21</subfield>
    <subfield code="e">purchase</subfield>
    <subfield code="g">90.00</subfield>
    <subfield code="h">20526</subfield>
    <subfield code="l">0</subfield>
    <subfield code="o">616.0252 NSC</subfield>
    <subfield code="p">000036746</subfield>
    <subfield code="r">2022-08-24 00:00:00</subfield>
    <subfield code="v">112.50</subfield>
    <subfield code="y">CDVDWBB</subfield>
  </datafield>
  <datafield tag="952" ind1=" " ind2=" ">
    <subfield code="0">0</subfield>
    <subfield code="1">0</subfield>
    <subfield code="2">ddc</subfield>
    <subfield code="3">Lost In Inventory_2015-8-23</subfield>
    <subfield code="4">0</subfield>
    <subfield code="7">0</subfield>
    <subfield code="8">Baccah</subfield>
    <subfield code="a">MAIN</subfield>
    <subfield code="b">MAIN</subfield>
    <subfield code="c">1ST</subfield>
    <subfield code="d">2014-10-21</subfield>
    <subfield code="e">purchase</subfield>
    <subfield code="g">90.00</subfield>
    <subfield code="h">20526</subfield>
    <subfield code="l">0</subfield>
    <subfield code="o">616.0252 NSC</subfield>
    <subfield code="p">000036747</subfield>
    <subfield code="r">2022-08-24 00:00:00</subfield>
    <subfield code="v">112.50</subfield>
    <subfield code="y">CDVDWBB</subfield>
  </datafield>
</record>
